Koncepčný návrh miešacej lopaty ako prídavné zariadenie Valet 150

Salvato in:
Dettagli Bibliografici
Autore principale: Galambos, Norbert (Autore)
Altri autori: Gulan, Ladislav (Relatore della tesi)
Natura: Manoscritto Libro
Lingua:slovacco
Pubblicazione: 2025
Soggetti:
Accesso online:http://is.stuba.sk/zp/portal_zp.pl?podrobnosti=186407
Tags: Aggiungi Tag
Nessun Tag, puoi essere il primo ad aggiungerne!!

MARC

LEADER 00000ntm a22000003a 4500
001 stuzp105369
003 SK-STU
005 20250621210521.1
007 ta
008 150427s2015----xo-----f-mn---000-0-slo-d
040 |a STU  |b slo 
041 0 |a slo 
100 1 |a Galambos, Norbert  |u 020030  |4 aut  |U SjF Strojnícka fakulta  |T SjF Ústav automobilového inžinierstva a konštruovania  |X 104878  |U J0030  |Y 806  |7 104878 
242 0 1 |a Conceptual design of a mixing bucket as an attachment for the Valet 150  |y eng 
245 1 0 |a Koncepčný návrh miešacej lopaty ako prídavné zariadenie Valet 150 
260 |c 2025 
650 4 |a betón  |2 slo 
650 4 |a nakladač  |2 slo 
650 4 |a Valet 150  |2 slo 
650 4 |a miešacia lopata  |2 slo 
650 4 |a reťazový prevod  |2 slo 
650 4 |a chain drive  |2 eng 
650 4 |a concrete  |2 eng 
650 4 |a loader  |2 eng 
650 4 |a Valet 150  |2 eng 
650 4 |a mixing bucket  |2 eng 
700 1 |a Gulan, Ladislav  |u 020030  |k Z1  |4 ths  |U SjF Strojnícka fakulta  |T SjF Ústav automobilového inžinierstva a konštruovania  |X 2356  |U J0030  |Y 806  |7 A000002356 
856 4 |u http://is.stuba.sk/zp/portal_zp.pl?podrobnosti=186407